| 000 | 00487nam a2200205Ia 4500 | ||
|---|---|---|---|
| 005 | 20240823051444.0 | ||
| 008 | 240823s9999||||xx |||||||||||||| ||und|| | ||
| 020 | _a1-56032-485-6 | ||
| 041 | _aENGLISH | ||
| 082 | _A536.2 N7 | ||
| 100 | _aTong LS | ||
| 245 | 0 | _aBoiling Heat Transfer and Two Phase Flow | |
| 250 | _a2nd | ||
| 260 |
_c1997 _bTaylor & Fr |
||
| 500 | _aTRANSFERED | ||
| 650 |
_aHeat Transfer _bMechanical |
||
| 700 | _a Tang Y S | ||
| 942 | _cBK | ||
| 999 |
_c219630 _d219630 |
||